000 00226 a2200097 4500
001 59668
100 _a
245 _aFundamental methods of mathematical economics
260 _aUSA
_bMc Graw Hill
_c2005
090 _c36543
_d36543
942 _aNUST-CAE
_c
_c29495
999 _c294741
_d294741